00350nam a22001217a 4500003000400000020001800004082001900022100001300041245012300054250000600177260003700183300000800220SGT a9788171773633 a344.41041bBAG aBAG R K  aLAW OF MEDICAL NEGLIGENCE AND COMPENSATION bCOVERING THE RIGHTS AND LIABILITIES UNDER THE LAW OF CONSUMER PROTECTION  a3 aLUCKNOWbEASTERN LAW HOUSEc1097 a703